[Event "Netanya Masters"]
[Site "Netanya"]
[Date "2019.06.27"]
[Round "5"]
[White "Postny, Evgeny"]
[Black "McShane, Luke J"]
[Result "1-0"]
[WhiteElo "2601"]
[BlackElo "2688"]
[Annotator "Postny,E"]
[PlyCount "175"]
[EventDate "2019.06.23"]
[EventType "tourn"]
[EventRounds "9"]
[EventCountry "ISR"]
[EventCategory "18"]
[SourceTitle "CBM 191"]
[Source "ChessBase"]
[SourceDate "2019.08.31"]
[SourceVersion "1"]
[SourceVersionDate "2019.08.31"]
[SourceQuality "1"]

{[%evp 0,175,16,28,30,-16,32,41,32,13,64,62,45,28,28,38,30,16,73,57,80,60,64,
57,69,46,53,31,65,65,95,62,87,62,97,99,93,59,59,56,62,8,62,42,60,17,24,24,24,
22,37,37,32,18,24,19,19,24,33,26,103,103,87,87,87,61,50,68,89,72,55,76,93,72,
68,65,90,94,105,94,107,112,109,144,145,145,159,157,150,110,96,87,91,58,33,25,
27,25,62,35,35,52,55,45,62,85,85,65,124,59,74,37,40,42,52,54,74,71,39,74,93,55,
115,118,116,118,116,112,118,121,125,132,131,121,185,202,197,254,265,265,323,
341,346,331,339,342,354,326,342,287,360,310,310,370,377,403,447,505,750,982,
1012,636,755,839,928,962,982,994,962,1000,1012,1012,1022,1022,29987,29984,
29989,29990]} 1. d4 e6 2. c4 Bb4+ 3. Bd2 Bxd2+ 4. Qxd2 f5 {This is an
ambitious setup, but slightly dubious.} (4... Nf6 {would lead to one the lines
of Bogoljubow defense.}) 5. Nf3 Nf6 6. g3 (6. Nc3 O-O 7. e3 {is another way of
development, but I like the fianchetto.}) 6... O-O 7. Bg2 d6 8. Nc3 Qe7 (8...
Nc6 {is perhaps a more natural way to prepare e6-e5, although after} 9. O-O e5
10. Rad1 e4 11. Ne1 {[%cal Gf2f3] I still prefer White.}) 9. O-O c6 {Covering
the d5 square.} (9... e5 10. dxe5 dxe5 11. Nd5 Qd6 12. Nxf6+ Rxf6 13. Qxd6 cxd6
14. Rfd1 $14) 10. Rad1 (10. Rfe1 d5 11. e3 Nbd7 12. b3 b6 13. Ne2 Bb7 14. Nf4
dxc4 15. bxc4 c5 16. Ng5 Bxg2 17. Kxg2 e5 $11 {0-1 (70) Giri,A (2690)-Carlsen,
M (2815) Monte Carlo 2011}) 10... Nbd7 11. Qc2 d5 {Now the position suddenly
transposes into a Stonewall setup. The dark-squared bishops are already off
the board, which favours White.} (11... e5 $6 12. Qxf5 Nb6 13. Qc2 Nxc4 14. Qb3
b5 15. dxe5 dxe5 16. Ng5 $16) 12. cxd5 $146 (12. Rfe1 Ne4 13. e3 Nd6 14. c5 Nf7
15. b4 e5 16. dxe5 Nfxe5 17. Nd4 Nf6 18. Na4 Kh8 19. Qb3 Bd7 20. a3 Rae8 $11 {
0-1 (38) Maiwald,J (2508)-Carlsen,M (2786) Germany 2008}) 12... cxd5 (12...
exd5 $1 {It was actually possible to sacrifice the Pf5.} 13. Qxf5 $6 (13. e3
$14) 13... Ne4 14. Qh5 (14. Nxd5 $5 cxd5 15. Qxd5+ Kh8 {White has three pawns
for the piece. I believe, the position is dynamically balanced.}) 14... Ndf6
15. Qe5 Qb4 16. Nxe4 Nxe4 17. Ng5 Rf5 18. Qe8+ Rf8 $11) 13. Rc1 {Now White has
small, but long-lasting advantage thanks to the opened c-file and the weakened
e5 square.} Ne4 ({More accurate is:} 13... Nb6 14. b3 Bd7 $14 {Later Black can
consider the manoeuvre Nb6-c8-d6.}) 14. Qb3 a6 {It wasn't necessary to weaken
the b6 square.} (14... Rb8 {looks a bit safer.}) 15. e3 {Preparing the knight
manouevre.} (15. Nxe4 $1 {was a more dynamic and effective approach.} fxe4 16.
Nd2 Nb8 17. f3 exf3 18. Rxf3 {with a serious advantage.}) 15... Rb8 16. Ne2
Ndf6 17. Qb6 Bd7 18. Nf4 {I thought here for a while. I evaluated my position
as significantly better, but couldn't really prove it.} (18. Ne5 Bb5 19. Rfe1
Rfe8 $14) (18. Rc7 Qd6 19. Qxd6 Nxd6 20. Rfc1 Kf7 21. Ne5+ Ke7 {[%cal Gf8c8]
and Black will gradually equalize.}) 18... g5 (18... Bb5 $6 19. Rfd1 Rfc8 20.
Qxe6+ $6 (20. Ne5 $14 {is preferable, keeping all the benefits.}) 20... Qxe6
21. Nxe6 Ng4 22. Nf4 Nexf2 23. Re1 Nd3 24. Nxd3 Bxd3 25. h3 Nf6 26. Ne5 Be4 {
and it's not so much for White.}) 19. Nd3 Bb5 {Normally in Stonewall setup if
Black makes this bishop active - it is a certain achievement!} 20. Nfe5 Qd6 ({
There was also nothing wrong with} 20... Rbc8) 21. Qc7 Bc4 22. Qa5 b6 23. Qe1 (
23. Qa4 Bb5 24. Qd1 $14) 23... Bxd3 24. Nxd3 g4 {Most of my pieces went
backwards, but I still keep some edge.} 25. Ne5 ({It would be more precise to
start doubling heavy pieces along the "c" file right away.} 25. Rc2) 25... Rfc8
26. Qe2 b5 ({After the game we both agreed that it was safer to place the
queenside pawns on the dark squares.} 26... a5 {Still, after} 27. h3 $1 h5 28.
hxg4 hxg4 29. Bxe4 Nxe4 30. Kg2 {[%cal Gf1h1] I can torture him for a while,
using the h- and c- files. The black king is more vulnerable.}) 27. Rc2 Rc7 (
27... Nd7 28. Bxe4 dxe4 29. Nxd7 Qxd7 30. Rfc1 $14) 28. Rfc1 Rbc8 29. a4 $2 {
Correct idea, but I should eliminate one of his knights first.} (29. Bxe4 $1
dxe4 (29... Nxe4 30. a4 $16) 30. a4 Nd5 31. Rxc7 Rxc7 32. Rxc7 Nxc7 33. h3 $1
$16) 29... bxa4 $2 {In mutual time trouble we both didn't realize the
importance of the exchange on e4.} (29... Ng5 30. axb5 axb5 31. Rxc7 Rxc7 32.
Rxc7 Qxc7 33. Qxb5 Qc2 34. Qb8+ Kg7 35. Qa7+ Kg8 36. Qe7 Qb1+ 37. Bf1 Nfe4 $11
(37... Nh3+ $2 38. Kg2 Qe4+ 39. f3 Qc2+ 40. Kh1 Nf2+ 41. Kg1 $18)) 30. Rxc7
Rxc7 31. Rxc7 Qxc7 32. Qxa6 $2 {Again, the same mistake.} (32. Bxe4 $1 Nxe4 33.
Qxa6 Ng5 34. Qxa4 Kg7 35. Kg2 {White is up a pawn and his king is better
protected than his counterpart.}) 32... Ng5 $2 {It was necessary to give check
first.} (32... Qc1+ 33. Bf1 Ng5 34. Qa8+ Kg7 35. Qa7+ Kg8 36. Qe7 Nfe4 {
The knight on g5 protects the f7 and e6 spots. White doesn't have more than a
perpetual check.} 37. Nd7 Nf3+ 38. Kg2 Ne1+ $11) 33. Nc6 {Blocking the way for
the black queen. Now I win the pawn.} Nd7 34. Qa8+ Kg7 35. Qxa4 Kf6 36. Qb5 Nf7
37. Bf1 Nd6 38. Qa4 Nb6 39. Qc2 Ne4 $6 (39... Nbc4 40. Ne5 Qa5 41. b3 (41. Bxc4
dxc4 42. Nxc4 $2 Qa1+ 43. Kg2 Qa8+ $11) 41... Nd2 42. Bd3 N2e4 $16 {Black
doesn't have enough compensation for the pawn, but at least has some activity.}
) 40. Bd3 {I consolidated my position and the extra pawn should be enough to
bring home the full point.} Ng5 41. Qc5 {[%cal Gc5f8]} Nf7 42. b3 Qb7 43. Na5
$6 {At this point I started a series of moves, which ruined all of my
overwhelming advantage.} ({The most solid plan would be like this:} 43. Kg2 Qc7
44. Be2 {The d3 square can be useful for the knight.} h5 45. h4 Nd6 46. Nb4 Qb8
47. Nd3 $18 {[%cal Gd3e5,Gd3f4]}) (43. Ba6 $5 {was a nice tactical idea, which
I saw. However, I wasn't entirely sure that the arising position is winning.}
Qxa6 44. Qe7+ Kg6 45. Qxe6+ Kg7 46. Ne7 Nh6 47. Qe5+ $1 Kf7 48. Nxf5 Nxf5 49.
Qxf5+ $18) 43... Qb8 44. Bb5 Nc8 45. Be8 $2 {This move I simply can't explain.
I made a lot of bad moves in this tournament and this is just one of them.} (
45. b4 Ncd6 46. Bd3 Ng5 47. b5 $18) 45... Nfd6 46. Bc6 Na7 $1 47. Bd7 $6 (47.
Bb7 $1 Nxb7 48. Qb4 $16 (48. Qb6 $4 {would lose a piece after} Qd8 49. Qxb7
Qxa5)) 47... Ne4 48. Qa3 Kf7 49. Nc6 $6 (49. Qa4 {would be better and try to
finally push forward the passed pawn.}) 49... Nxc6 50. Bxc6 h5 $1 {Luke is
very resourceful!} 51. b4 {Finally my passed pawn goes forward.} h4 52. b5 hxg3
53. hxg3 Nd2 (53... Nxg3 $2 54. Qa8 Qxa8 55. Bxa8 Ne4 56. b6 Nf6 57. Bc6 {
and the pawn promotes.}) (53... Ng5 {[%cal Gg5f3,Gb8h8]} 54. Qa8 {would lead
to the same endgame as in the game.}) 54. Qa8 (54. Qc1 Nf3+ 55. Kg2 Kg6 $1 (
55... Qh8 $2 56. Qh1 Qxh1+ 57. Kxh1 Ke7 58. b6 Kd8 59. b7 Kc7 60. Bd7 Ng5 61.
Bc8 $18) 56. Bd7 Qh8 57. Qh1 Qd8 $1 58. Bxe6 Ng5 $11 {trapping the bishop.})
54... Qxa8 55. Bxa8 Ke7 {So, I still have an extra pawn, but it's not really
going forward anymore. My king is also stuck. My only chance is to combine an
attack on Pe6 and a threat to push my passed pawn. However, Black can defend.
Closed character of the endgame favours knight.} 56. Bc6 Kd6 57. Be8 Nc4 $6 (
57... Kc7 58. Bf7 Nf3+ {Black has to move the knight at some point, but he can
transfer it to e4 and attack Pf2.} 59. Kf1 Ng5 60. Be8 Ne4 $11) 58. Bf7 Ke7 59.
Bg8 Nb6 60. Kf1 (60. Kg2 Kf6 61. f3 gxf3+ 62. Kxf3 Nc4 {and also here I don't
see how White can make progress. The exchange of pawns actually helps the
defending side.}) 60... Nd7 ({The was a study like saving idea:} 60... Kf6 $1
61. Ke2 Kg7 $1 62. Bxe6 Kf6 $11 {trapping the bishop.}) 61. Ke2 Kd6 62. Bf7 Ke7
63. Bg6 Nb6 $2 ({After} 63... Kd8 $1 64. Kd3 Nf6 {the endgame was still
holdable.}) 64. Kd3 Nc4 65. Kc3 Kd7 66. Kb4 Nd6 67. Ka5 Kc7 68. Ka6 Kb8 69. Kb6
{Now my king is through, so it's finally winning.} Ne4 70. Bf7 Nxf2 71. Bxe6
Nd1 72. Bxf5 Nxe3 73. Bd3 Nd1 74. Kc5 Nc3 75. Bf5 Kc7 76. Bxg4 $1 Ne4+ 77. Kxd5
{I give my bishop, but the knight won't handle three passed pawns.} Nf6+ 78.
Ke6 Nxg4 79. d5 Nf2 80. d6+ Kd8 81. b6 Nd3 82. g4 Nc5+ 83. Kd5 (83. Kf7 $4 Kd7
84. g5 Ne4 85. g6 Nxd6+ $11) 83... Nb7 84. g5 Kd7 85. g6 Nxd6 86. b7 ({It's
never too late to miss the win:} 86. g7 $4 Nc8 87. b7 Ne7+ 88. Ke5 Kc7 $11)
86... Kc7 87. b8=B+ {A touch of humour.} Kxb8 88. Kxd6 1-0

[Event "FRA-chT1 9495"]
[Site "Montpellier"]
[Date "1994.??.??"]
[Round "9"]
[White "Haik, Aldo"]
[Black "Bricard, Emmanuel"]
[Result "0-1"]
[WhiteElo "2420"]
[BlackElo "2460"]
[Annotator "RR"]
[PlyCount "80"]
[EventDate "1994.04.??"]
[EventType "team-tourn"]
[EventRounds "16"]
[EventCountry "FRA"]
[SourceTitle "EXT 2015"]
[Source "ChessBase"]
[SourceDate "2014.11.20"]
[SourceVersion "1"]
[SourceVersionDate "2014.11.20"]
[SourceQuality "1"]
[WhiteTeam "Lyon"]
[BlackTeam "Belfort"]
[WhiteTeamCountry "FRA"]
[BlackTeamCountry "FRA"]

1. d4 e6 2. c4 f5 3. g3 Nf6 4. Bg2 d5 5. Nf3 c6 6. O-O Bd6 7. b3 {[%cal Gc1a3]}
(7. Bf4) 7... Qe7 8. Nc3 (8. Bb2) (8. a4 {[%cal Gc1a3]}) (8. Nbd2 O-O 9. Bb2 b6
$1 10. Ne5 Bb7 11. Rc1) 8... O-O 9. Ne5 Nbd7 10. f4 $5 Ne4 11. Bb2 Ndf6 12. e3
Bd7 13. c5 Bc7 14. b4 {[%cal Ga2a4,Gb4b5]} Kh8 15. Qe2 Be8 16. a4 a6 17. Rfc1
Rg8 $5 {[%cal Gg7g5]} 18. Ba3 g5 19. Bxe4 $5 dxe4 20. b5 gxf4 21. exf4 axb5 22.
axb5 cxb5 23. Nxb5 Bc6 24. Nd6 $13 Rg7 25. d5 $1 {[%csl Rg7,Rh8][%cal Ga3b2]}
Bxd5 26. Bb2 Rf8 (26... Rxa1 27. Rxa1 h6 {[%cal Gh8h7]}) 27. Nb5 Kg8 28. c6 $5
(28. Bd4 $44) (28. Nxc7 Qxc7 29. Bd4 $44 {[%csl Gd4]}) 28... bxc6 29. Nxc6 Bb6+
30. Kf1 Qb7 31. Ne5 (31. Bxf6 Rxf6 32. Nd6 Qd7 33. Qb2 $13 {[%cal Gb2b6,Gb2f6]}
) 31... e3 $1 {[%csl Gd5,Rf1,Rg2,Rh1]} 32. Nd4 $4 Bxd4 33. Bxd4 Bc4 34. Qxc4
Qh1+ 35. Ke2 Qxh2+ 36. Kxe3 Rxg3+ 37. Nf3 Ng4+ 38. Kd3 Rxf3+ 39. Be3 Rxe3+ 40.
Kd4 Re4+ {le seul gain de Belfrt dans ce match} 0-1

[Event "EU-Cup 07th round of 32"]
[Site "Clichy"]
[Date "1989.07.13"]
[Round "1.2"]
[White "Timoscenko, Gennadij A"]
[Black "Birmingham, Eric"]
[Result "1/2-1/2"]
[WhiteElo "2460"]
[BlackElo "2365"]
[Annotator "RR"]
[PlyCount "98"]
[EventDate "1989.07.12"]
[EventType "team-match"]
[EventRounds "2"]
[EventCountry "FRA"]
[SourceTitle "EXT 2020"]
[Source "ChessBase"]
[SourceDate "2019.10.17"]
[SourceVersion "1"]
[SourceVersionDate "2019.10.17"]
[SourceQuality "1"]
[WhiteTeam "Novosibirsk Vektor"]
[BlackTeam "Clichy Echecs 92"]
[WhiteTeamCountry "URS"]
[BlackTeamCountry "FRA"]

1. d4 e6 2. c4 f5 3. g3 Nf6 4. Bg2 c6 5. Nh3 {[%cal Gh3f4]} d5 6. O-O Bd6 7.
Nd2 O-O 8. b3 b6 9. Bb2 Bb7 10. e3 Qe7 11. Nf3 Nbd7 12. Nf4 c5 ({RR} 12... Ne4
13. Nd3 Rac8 14. Qe2 Ba6 15. Rac1 dxc4 16. bxc4 c5 17. Nde5 cxd4 18. Nxd7 Qxd7
19. Nxd4 Be5 {1/2-1/2 Timoscenko,G-Klinger,J/Oberwart 1991/TD}) 13. dxc5 Nxc5
14. cxd5 e5 $1 15. Ne6 Nxe6 16. dxe6 Rad8 {[%cal Cb2e5,Gd8d1]} 17. Qe2 Bxf3 18.
Qxf3 Qxe6 19. Bh3 $1 Ng4 20. e4 h5 21. exf5 Qxf5 22. Qxf5 Rxf5 $14 {[%csl Gb2,
Re5,Gh3]} 23. Rad1 Rff8 24. Bxg4 hxg4 25. Rfe1 {La finale est difficile pour
le clichois} Bc5 {[%csl Rf2]} 26. Rxd8 Rxd8 27. Re2 (27. Bxe5 Rd2 $36) 27...
Bd4 28. Kg2 Kf7 29. h3 gxh3+ 30. Kxh3 Kg6 31. Bxd4 $6 {Les noirs avaient un
mauvais fou et un pion "e5" faible. Les deux faiblesses disparaissent et le
clichois a un pion passé soutenu} exd4 32. Kg4 Kf6 33. f4 Rd5 $6 (33... Rd6
$142) 34. Kf3 g5 35. Ke4 Rd7 36. Rd2 gxf4 37. gxf4 Re7+ 38. Kxd4 Kf5 39. Rf2
Re8 40. Kc4 $16 a6 41. Kd5 Rc8 42. Kd6 Rc5 43. Rd2 Kxf4 44. Rd4+ Ke3 45. Rb4
Rc2 46. a4 b5 47. axb5 axb5 48. Rxb5 Kd4 49. b4 Rb2 1/2-1/2

[Event "London WFW"]
[Site "London"]
[Date "1991.??.??"]
[Round "?"]
[White "Larsen, Bent"]
[Black "King, Daniel J"]
[Result "1/2-1/2"]
[WhiteElo "2560"]
[BlackElo "2545"]
[Annotator "Ribli,Z"]
[PlyCount "106"]
[EventDate "1991.05.??"]
[EventType "tourn"]
[EventRounds "13"]
[EventCountry "ENG"]
[EventCategory "11"]
[SourceTitle "CBM 024"]
[Source "ChessBase"]
[SourceDate "1991.10.01"]
[SourceVersion "1"]
[SourceVersionDate "1991.10.01"]
[SourceQuality "1"]

1. c4 e6 2. Nc3 f5 3. g3 d5 4. d4 Nf6 5. Bg2 c6 6. Nf3 Bd6 7. Bf4 Bxf4 8. gxf4
O-O {-> A 90} 9. Ne5 (9. O-O Nbd7 10. e3 Ne4 11. Rc1 h6 12. Qe2 g5 $13 {
Schuh,H-Glek,I Kusadasi op 1990 EXP/18}) 9... Nbd7 10. e3 Ne4 11. Bxe4 $5 fxe4
12. Rg1 Qe7 13. Qg4 Nxe5 14. dxe5 b6 15. O-O-O Rf7 16. Qg5 $1 Ba6 17. Qxe7 Rxe7
18. b3 b5 (18... dxc4 $2 19. Nxe4 $16) 19. cxb5 Bxb5 20. Kb2 Rf8 21. Rc1 Rf5
22. h4 Bd3 23. Rg5 Rxg5 24. hxg5 Kf7 25. Na4 h5 $1 26. gxh6 gxh6 27. Rg1 Be2
28. Nc5 Bf3 29. b4 h5 30. Nb3 Re8 31. Nd4 h4 32. Nxf3 exf3 33. Rh1 Rh8 34. Kc3
Kg6 35. Kd4 Kf5 36. Kc5 Ke4 37. Kd6 Rh6 38. Kd7 d4 39. exd4 Kxf4 40. Kxc6 Ke4
41. Kc5 h3 42. b5 h2 43. a4 Kf5 44. d5 exd5 45. Kxd5 Kg4 46. e6 Kh3 47. e7 Rh8
48. Kd6 Kg2 49. Rxh2+ Kxh2 50. Kd7 Kg2 51. e8=Q Rxe8 52. Kxe8 Kxf2 53. a5 Ke2
1/2-1/2

[Event "Boskovic Memorial"]
[Site "Bijelo Polje"]
[Date "2005.10.05"]
[Round "4"]
[White "Blagojevic, Dragisa"]
[Black "Podinic, Vladimir"]
[Result "1-0"]
[WhiteElo "2541"]
[BlackElo "2415"]
[Annotator "Roiz,M"]
[PlyCount "65"]
[EventDate "2005.10.02"]
[EventType "tourn"]
[EventRounds "9"]
[EventCountry "YUG"]
[EventCategory "10"]
[SourceTitle "CBM 110"]
[Source "ChessBase"]
[SourceDate "2006.01.31"]
[SourceVersion "1"]
[SourceVersionDate "2006.01.31"]
[SourceQuality "1"]

1. d4 f5 2. g3 Nf6 3. Bg2 d5 4. Nf3 e6 5. O-O Bd6 6. c4 c6 7. Qc2 O-O 8. Nc3
Ne4 9. Rb1 $5 {[%cal Gb2b4] A very interesting way to fight against the
Stone-Wall system. White doesn't waste time for occupying the e5-square by
standard manoevres and immediately starts to advance the queen-side pawns.} a5
10. a3 Qe7 {Black is trying to prevent white from pushing b2-b4, but this
attempt is not successful...} ({The alternative is:} 10... Nxc3 11. Qxc3 b5 12.
cxb5 cxb5 13. Bf4 b4 14. Qe3 Bxf4 15. gxf4 Qb6 16. Rfc1 Bd7 17. Ne5 Bb5 18. Rc2
Na6 19. Rbc1 $14 {1-0 Danielsen,H-Karlsson,L/Hillerod 1995/CBM 046 ext (34)}) (
{Deserves attention also} 10... b6 $5 11. Bf4 Bxf4 12. gxf4 Ba6 $14) 11. b4
axb4 12. axb4 Nxc3 $6 $146 {I don't like that exchange, since the Ne4 was
black's most active piece!} ({Black may also win the pawn at cost of an
exchange of his dark-squared bishop, but white's initiative in that case looks
very strong:} 12... Bxb4 13. Nxe4 dxe4 14. Bg5 Qd7 15. Rxb4 exf3 16. exf3 Qxd4
17. Rbb1 Nd7 18. Be7 Re8 19. Rfd1 Qa7 20. Bd6 $16 {1-0 Novikov,I-Moskalenko,V/
Cap d'Agde 1994/EXT 97 (56)}) ({I would prefer:} 12... Nd7 13. b5 Nxc3 (13...
Qf6 $5) 14. Qxc3 Ra4 15. Bg5 Qe8 16. bxc6 bxc6 17. cxd5 cxd5 18. Rfc1 Rc4 19.
Qa5 $14 {1-0 Budnikov,O-Gnidash,A/Kharkov 2000/EXT 2001 (29) and white has
only a slight advantage.}) 13. Qxc3 dxc4 ({Or} 13... b5 14. c5 Bc7 15. Bf4 Bxf4
16. gxf4 $16 {[%csl Rc8][%cal Gb1a1,Gf3e5]}) 14. Qxc4 Ra4 15. Bg5 $1 {That
forces black to remove his queen from the ideal square.} Qc7 (15... Qe8 16. Bf4
Bxf4 17. gxf4 $16) 16. Ne1 {[%cal Ge1d3] Delivering the knight to d3, there it
will be placed ideally.} ({Possible was also:} 16. Ne5 $5 {(a slighty more
active redaction of the same idea)} Bxe5 (16... h6 17. Bd2 $16) (16... Na6 17.
Nd3 $16) 17. dxe5 Na6 18. Qc3 $16) (16. Rfc1 Na6 17. Bd2 Qb6 18. Qb3 Qb5) 16...
b5 {Black is already much worse, so he is looking for some counterplay even at
cost of an additional weaknesses.} ({Hardly better would be:} 16... Qb6 17. Nd3
Qa6 18. Qc3 Ra3 19. Rb3 $16 {[%csl Ra6]}) ({or} 16... h6 17. Bd2 Qf7 18. Nd3
Nd7 19. Qc2 $16) 17. Qc3 Qa7 $2 {Black's pieces are not developed, so he
cannot profit from his control of the a-file.} (17... e5 18. dxe5 (18. Nd3 $5)
18... Bxe5 19. Qb3+ Qf7 20. Qxf7+ Kxf7 21. Nd3 Bd6 22. Rfc1 Bd7 23. Bf4 $16) ({
I would prefer:} 17... h6 18. Bd2 ({Deserves attention also:} 18. Bf4 $5 Bxf4
19. gxf4 Qxf4 20. Nd3 {and white takes full control of the dark squares, while
black's extra pawn isn't important.}) 18... e5 {trying to simplify the
position, although after} 19. Nd3 (19. dxe5 Bxe5 20. Qb3+ Qf7 21. Qxf7+ Kxf7
22. Nd3 Bf6 $14) 19... exd4 20. Qxd4 Rd8 21. Qc3 $16 {white's pressure is
obvious too.}) 18. Nd3 Ra3 ({There was no time for completing development:} 
18... Bd7 19. Bf4 Bxf4 20. gxf4 Na6 21. Ra1 Nc7 22. Nc5 $18 {with a decisive
strategical advantage.}) 19. Qc1 $1 {Taking control of Ra3. In the middlegame
white gets a decisive advantage.} ({Less convincing would be:} 19. Ra1 Rxc3 20.
Rxa7 Rc4 21. e3 $16) 19... Rxd3 {A desperate attempt to change the character
of the position.} ({After} 19... Ra2 20. Qe3 {black isn't able to complete his
development.}) 20. exd3 Bd7 {The Pc6 is protected, but the Nb8 looks quite
ugly now.} (20... Qxd4 21. Qe3 Qxe3 22. Bxe3 e5 23. Rfc1 $18) 21. Qe3 $18 {
White is an exchange up, while black has a lot of weaknesses. The rest is just
a part of simple technique.} Re8 ({Hopeless was also:} 21... Na6 22. Bf4 Bxb4
23. Rfc1 Ba3 24. Rc3 b4 25. Rc2 Nc7 26. Bxc6 Bxc6 27. Rxc6 Nd5 28. Qxe6+ Qf7
29. Qxf7+ Rxf7 30. Bd6 $18) 22. Bf4 Bf8 {Black avoids the exchange of the
dark-squared bishop, but now the Pc6 falls.} 23. Rfc1 Na6 {[%tqu "En","Please,
find the best move.","","","c1c6","The most effect and effective!",10,"g2c6",
"",0]} 24. Rxc6 $1 {The most effectful and effective!} ({Black's life would be
much easier after} 24. Bxc6 Nxb4 25. Ra1 $140 $6 Qxa1 26. Rxa1 Bxc6 $16 {
with some compensation for the queen!}) 24... Bxc6 25. Bxc6 Rd8 ({Or} 25... Re7
26. Bd6 Rf7 27. Bxf8 Rxf8 28. Qxe6+ Kh8 29. Ra1 Qb6 30. Qe7 Rg8 31. d5 $18) 26.
Qxe6+ Qf7 27. Qxf7+ Kxf7 28. Bxb5 Nxb4 {Now white's material advantage is not
that big, but the d-pawns decide the game.} 29. Bc4+ Kg6 30. Bd2 Rb8 (30... Nc2
31. Rb6+ Rd6 32. Rb8 Be7 33. Rb7 Bg5 34. Bxg5 Kxg5 35. Rxg7+ Kh6 36. Re7 Nxd4
37. f4 $18) 31. d5 Bd6 32. Re1 Kf7 33. Re6 1-0